Loading...
| Science - Physics | 0 | 8 | 0 | 0 | 80 | 44 | 63.50 | 1 | 5 | 0.00 | 0.00 |
| Science - Other | 0 | 5 | 0 | 2 | 50 | 23 | 65.80 | 2 | 2 | 0.00 | 0.00 |
| Literature - American | 0 | 3 | 0 | 0 | 30 | 50 | 68.33 | 0 | 2 | 0.00 | 0.00 |
| Geography | 0 | 3 | 0 | 1 | 30 | 51 | 84.33 | 1 | 1 | 0.00 | 0.00 |
| Religion | 0 | 3 | 0 | 0 | 30 | 64 | 90.67 | 1 | 2 | 0.00 | 0.00 |
| History - World | 0 | 2 | 0 | 0 | 20 | 46 | 47.50 | 0 | 1 | 0.00 | 0.00 |
| Literature - World | 0 | 2 | 0 | 0 | 20 | 86 | 87.00 | 0 | 0 | 0.00 | 0.00 |
| Science - Biology | 0 | 2 | 0 | 1 | 20 | 64 | 86.00 | 0 | 0 | 0.00 | 0.00 |
| Fine Arts - Classical Music | 0 | 1 | 0 | 0 | 10 | 77 | 77.00 | 0 | 0 | 0.00 | 0.00 |
| Science - Chemistry | 0 | 1 | 0 | 1 | 10 | 92 | 92.00 | 0 | 0 | 0.00 | 0.00 |
| Fine Arts - Other | 0 | 1 | 0 | 1 | 10 | 108 | 108.00 | 0 | 0 | 0.00 | 0.00 |
| Current Events | 0 | 1 | 1 | 0 | 5 | 109 | 109.00 | 0 | 0 | 0.00 | 0.00 |
| History - American | 0 | 0 | 1 | 0 | -5 | 0.00 | 0 | 0 | 0.00 | 0.00 |